V zorném poli. Poradenské listy pro výrobkové manažery a vedoucí marketingu.
Príkazom dňa v rozvinutých ekonomikách je ustavičné sledovanie vývoja trhu, kvantifikácia a kvalifikácia vývojových trendov. Manažérske myslenie je nahradzované myslením v súvislostiach a javových priebehoch ("zosieťovanie", vzájomná prepojenosť). Nové perspektívy marketingu vyžadujú pozorovanie tre...
Gespeichert in:
| Format: | Buchkapitel |
|---|---|
| Sprache: | Tschechisch |
| Schlagworte: | |
| Tags: |
Keine Tags, Fügen Sie das erste Tag hinzu!
|
MARC
| LEADER | 00000naa a2200000 4500 | ||
|---|---|---|---|
| 001 | r012350 | ||
| 005 | 20220826094841.2 | ||
| 041 | 0 | |a cze | |
| 044 | |a SK | ||
| 245 | 1 | 0 | |a V zorném poli. |b Poradenské listy pro výrobkové manažery a vedoucí marketingu. |
| 520 | |a Príkazom dňa v rozvinutých ekonomikách je ustavičné sledovanie vývoja trhu, kvantifikácia a kvalifikácia vývojových trendov. Manažérske myslenie je nahradzované myslením v súvislostiach a javových priebehoch ("zosieťovanie", vzájomná prepojenosť). Nové perspektívy marketingu vyžadujú pozorovanie trendov ekológie a politiky, národného hospodárstva a spoločnosti. Uvedenie príkladov. | ||
| 610 | 2 | 0 | |a marketing |
| 610 | 2 | 0 | |a vývoj hospodársky |
| 610 | 2 | 0 | |a ekológia |
| 610 | 2 | 0 | |a politika |
| 610 | 2 | 0 | |a prieskum trhu |